Statistiken für European Darts Tour Länder 2024

Klicken Sie hier um das Quiz zu spielen!

Allgemein

  • Dieses Quiz wurde 31 mal gespielt
  • Das Durchschnittsergebnis liegt bei 6 aus 7

Antwortstatistiken

Land% Korrekt
Deutschland
100%
Belgien
93%
Niederlande
93%
Österreich
90%
Schweiz
90%
Tschechien
72%
Ungarn
72%

Verteilung der Resultate

Perzentil nach korrekt beantworteten Fragen

Anzahl Personen mit jedem Resultat

Ihre Resultats-Entwicklung

Sie haben dieses Quiz noch nicht gespielt